00932nas a2200229Ia 4500001001100000003000900011008004100020040001300061040001300074041001300087100004800100210001200148222001200160245013300172250001100305260002200316501008600338300001900424362003100443500018500474650004300659R142/77667IT-RoPAU151124c99999999xx |||||||||||| ||und|| aIT-RoPAU cIT-RoPAU aFRANCESE aZarifian PhilippegCodice Aut. SPICS: 46009 aRESEAUX aReseaux aRESEAUX, N.041 (MAGGIO/GIUGNO 1990)bHierarchisation, Reseaux Et Systemes De Decision Dans Les Grandes Entreprises Industrielles a1a ed. aPARISbCNETc1990 bPaulus - SPICS - Società San Paolo EM (non-commercial uses only)cCopyright2015 a11 p. [93-103] aN.041 (MAGGIO/GIUGNO 1990) aGrarchizzazione, Reti e Sistemi di Decisione Nelle Grandi Imprese Industriali. Cinque Livelli di Gerarchizzazione di Un'Impresa. Rischi della Gerarchizzazione. Piramide Delle Reti. aCOMUNICAZIONEvPUBBLICAZIONE PERIODICA